| 000 | 00925cam a22002174a 4500 | ||
|---|---|---|---|
| 001 | 13104396 | ||
| 005 | 20250609150936.0 | ||
| 008 | 030226r20031991mau b 001 0 eng | ||
| 020 | _a1565637372 (pbk. : alk. paper) | ||
| 050 | 0 | 0 |
_aBT819.5 _b.D34 2003 |
| 082 | 0 | 0 |
_a236/.09/015 _221 |
| 100 | 1 |
_aDaley, Brian E., _d1940- |
|
| 245 | 1 | 4 |
_aThe hope of the early church : _ba handbook of patristic eschatology / _cBrian E. Daley. |
| 260 |
_aPeabody, Mass. : _bHendrickson Publishers, _c2003. |
||
| 300 |
_axiv, 303 p. ; _c23 cm. |
||
| 500 | _aOriginally published: Cambridge : Cambridge University Press, 1991. | ||
| 650 | 0 |
_aEschatology _xHistory of doctrines _yEarly church, ca. 30-600. |
|
| 856 | 4 | 2 |
_3Contributor biographical information _uhttp://www.loc.gov/catdir/enhancements/fy0706/2003042310-b.html |
| 856 | 4 | 2 |
_3Publisher description _uhttp://www.loc.gov/catdir/enhancements/fy0706/2003042310-d.html |
| 942 |
_2lcc _cBK _n0 |
||
| 999 |
_c6364 _d6364 |
||